=LDR 00000nam 2200000 4500 =001 INLIS000000000001220 =005 20130612085628 =008 ***********************************Ind** =035 ##$$0010-061300000001220 =041 ##$$a Ind =082 ##$$a 305.23 =090 ##$$a 305.23, Bia =245 ##$$a Biarkan kami bicara, tentang sekolah dan cita-cita, Sudiyoko...[ et al.] =260 ##$$a 1996 $b Yogyakarta =300 ##$$a 84 hlm, ilus, 19 cm =650 ##$$a Remaja =700 ##$$a Sudiyoko =850 ##$$a NBPNMAT